[Event "CZE-chT1W 2425"]
[Site "Czech Republic"]
[Date "2025.04.06"]
[Round "11.7"]
[White "Spacek, Petr"]
[Black "Hajiyev, Kanan"]
[Result "1/2-1/2"]
[WhiteElo "2288"]
[BlackElo "2109"]
[PlyCount "40"]
[EventDate "2024.10.20"]
[EventType "team-tourn"]
[EventRounds "11"]
[EventCountry "CZE"]
[SourceTitle "CB16_2025"]
[SourceDate "2025.04.16"]
[SourceVersion "1"]
[SourceVersionDate "2025.04.16"]
[SourceQuality "1"]
[WhiteTeam "Lysa nad Labem II"]
[BlackTeam "Praha Dopravni Podnik"]
[WhiteTeamCountry "CZE"]
[BlackTeamCountry "CZE"]

1. d4 a6 2. Nf3 d5 3. c4 c6 4. Nbd2 Nf6 5. e3 Bf5 6. Nh4 Bg4 7. Qc2 e6 8. h3 Bh5 9. g4 Nfd7 10. Ng2 Bg6 11. Qb3 b5 12. cxd5 cxd5 13. Nf4 Bd6 14. Nxg6 hxg6 15. a4 b4 16. Bg2 Nc6 17. Qd3 Qb6 18. b3 0-0 19. Bb2 Rfe8 20. 0-0 f5 1/2-1/2

[Event "CZE-chT1W 2425"]
[Site "Czech Republic"]
[Date "2025.03.23"]
[Round "10.5"]
[White "Janous, Marek"]
[Black "Spacek, Petr"]
[Result "1/2-1/2"]
[WhiteElo "2100"]
[BlackElo "2288"]
[PlyCount "117"]
[EventDate "2024.10.20"]
[EventType "team-tourn"]
[EventRounds "11"]
[EventCountry "CZE"]
[SourceTitle "CB16_2025"]
[SourceDate "2025.04.16"]
[SourceVersion "1"]
[SourceVersionDate "2025.04.16"]
[SourceQuality "1"]
[WhiteTeam "Pisek"]
[BlackTeam "Lysa nad Labem II"]
[WhiteTeamCountry "CZE"]
[BlackTeamCountry "CZE"]

1. e4 e5 2. Nf3 Nf6 3. d4 Nxe4 4. Bd3 d5 5. Nxe5 Nd7 6. 0-0 Nxe5 7. dxe5 Nc5 8. Be2 Be7 9. f4 Ne4 10. Be3 f5 11. c4 Be6 12. cxd5 Qxd5 13. Qa4+ Bd7 14. Qc4 Be6 15. Qa4+ Bd7 16. Rd1 Bc5 17. Bxc5 Qxc5+ 18. Qd4 0-0-0 19. Qxc5 Nxc5 20. Nc3 Ne6 21. g3 Bc6 22. Bc4 Nd4 23. Kf2 Rhe8 24. Rd2 Ne6 25. Rxd8+ Kxd8 26. b4 b6 27. Rd1+ Ke7 28. Bd5 Bxd5 29. Nxd5+ Kf8 30. Ne3 g6 31. b5 Nc5 32. g4 fxg4 33. Nxg4 a6 34. bxa6 Ra8 35. Nf6 Rxa6 36. Rd2 h6 37. h4 Ra4 38. Kg3 h5 39. Rd8+ Ke7 40. Rd2 Ke6 41. Re2 Ra3+ 42. Kh2 Nd3 43. Ne8 Nxf4 44. Nxc7+ Kd7 45. Rc2 Rh3+ 46. Kg1 Rxh4 47. Nb5 Rg4+ 48. Kh1 Ne6 49. Rd2+ Ke7 50. Nd6 Nd4 51. Nc4 Ke6 52. Rf2 Nf5 53. Nxb6 Rb4 54. Rg2 Ne7 55. Rf2 Kxe5 56. Nd7+ Ke6 57. Nf8+ Kd5 58. Rd2+ Rd4 59. Rg2 1/2-1/2

[Event "WchT Seniors 65"]
[Site "Prague"]
[Date "2025.02.21"]
[Round "5.43"]
[White "Spacek, Petr"]
[Black "Benes, Petr1"]
[Result "1/2-1/2"]
[WhiteElo "2273"]
[BlackElo "2019"]
[PlyCount "82"]
[EventDate "2025.02.17"]
[EventType "team-swiss"]
[EventRounds "9"]
[EventCountry "CZE"]
[SourceTitle "CB09_2025"]
[SourceDate "2025.02.27"]
[SourceVersion "1"]
[SourceVersionDate "2025.02.27"]
[SourceQuality "1"]
[WhiteTeam "Czech Republic 65"]
[BlackTeam "Litomerice Slavoj 65"]
[WhiteTeamCountry "CZE"]
[BlackTeamCountry "CZE"]

1. d4 Nf6 2. c4 c5 3. d5 e5 4. Nc3 d6 5. e4 Be7 6. h3 a6 7. Be3 Nbd7 8. a3 h6 9. Bd3 Nh7 10. Nf3 Ng5 11. Nd2 Nh7 12. Nf3 Ng5 13. Nh2 Nh7 14. Nf1 Bg5 15. Qe2 Nhf8 16. g3 Bxe3 17. Nxe3 Ng6 18. 0-0-0 Ne7 19. h4 Rb8 20. Rdf1 h5 21. f3 Kf8 22. Rh2 Kg8 23. f4 Ng6 24. f5 Ngf8 25. g4 hxg4 26. Nxg4 Nf6 27. Rg1 Nxg4 28. Qxg4 Rh7 29. Rhg2 Nd7 30. Be2 Qf6 31. Kb1 Qh6 32. Qg5 Qxg5 33. hxg5 Kf8 34. Bd1 b5 35. cxb5 axb5 36. Be2 c4 37. g6 fxg6 38. fxg6 Rh4 39. Rg4 Rh6 40. R4g3 Nf6 41. Bf3 Bd7 1/2-1/2

[Event "CZE-chT1W 2425"]
[Site "Czech Republic"]
[Date "2025.02.02"]
[Round "7.6"]
[White "Spacek, Petr"]
[Black "Liska, Jiri2"]
[Result "1/2-1/2"]
[WhiteElo "2288"]
[BlackElo "2267"]
[PlyCount "41"]
[EventDate "2024.10.20"]
[EventType "team-tourn"]
[EventRounds "11"]
[EventCountry "CZE"]
[SourceTitle "CB16_2025"]
[SourceDate "2025.04.16"]
[SourceVersion "1"]
[SourceVersionDate "2025.04.16"]
[SourceQuality "1"]
[WhiteTeam "Lysa nad Labem II"]
[BlackTeam "Turnov Zikuda II"]
[WhiteTeamCountry "CZE"]
[BlackTeamCountry "CZE"]

1. Nf3 Nf6 2. c4 g6 3. Nc3 d5 4. cxd5 Nxd5 5. e4 Nxc3 6. dxc3 Qxd1+ 7. Kxd1 Bg7 8. Kc2 0-0 9. Bc4 c6 10. a4 Nd7 11. Re1 Re8 12. h3 h6 13. Be3 Nf6 14. Ne5 e6 15. Ng4 Nxe4 16. Nxh6+ Bxh6 17. Bxh6 Nd6 18. Bd3 e5 19. Rad1 f5 20. Bf1 Nf7 21. Bc4 1/2-1/2

[Event "CZE-chT1W 2425"]
[Site "Czech Republic"]
[Date "2025.01.19"]
[Round "6.6"]
[White "Postupa, Pavel1"]
[Black "Spacek, Petr"]
[Result "0-1"]
[WhiteElo "2168"]
[BlackElo "2288"]
[PlyCount "84"]
[EventDate "2024.10.20"]
[EventType "team-tourn"]
[EventRounds "11"]
[EventCountry "CZE"]
[SourceTitle "CB16_2025"]
[SourceDate "2025.04.16"]
[SourceVersion "1"]
[SourceVersionDate "2025.04.16"]
[SourceQuality "1"]
[WhiteTeam "Pankrac"]
[BlackTeam "Lysa nad Labem II"]
[WhiteTeamCountry "CZE"]
[BlackTeamCountry "CZE"]

1. e4 c5 2. Nf3 Nf6 3. Nc3 e6 4. g3 Nc6 5. Bg2 d5 6. exd5 exd5 7. d4 Bg4 8. dxc5 Bxc5 9. 0-0 0-0 10. h3 Be6 11. a3 a6 12. b4 Be7 13. Be3 Rc8 14. Ne2 Qd7 15. Nf4 Rfd8 16. Bb6 Re8 17. Re1 Bd6 18. Nxe6 fxe6 19. c4 dxc4 20. Qe2 Nd5 21. Bc5 b5 22. Bxd6 Qxd6 23. Rad1 Qe7 24. Qc2 Qf6 25. h4 h6 26. Nh2 Ne5 27. Be4 Red8 28. f4 Nd3 29. Bxd3 cxd3 30. Qxd3 Rc3 31. Qd4 Rxg3+ 32. Kh1 Rf8 33. f5 Qxf5 34. Rg1 Rxg1+ 35. Rxg1 Qf6 36. Qe4 Qf5 37. Qd4 Nf6 38. Qa7 Qe4+ 39. Rg2 Nh5 40. Ng4 Qe1+ 41. Kh2 Qxh4+ 42. Kg1 Nf4 0-1

[Event "CZE-chT1W 2425"]
[Site "Czech Republic"]
[Date "2025.01.05"]
[Round "5.8"]
[White "Spacek, Petr"]
[Black "Hula, Lukas"]
[Result "1/2-1/2"]
[WhiteElo "2288"]
[BlackElo "2024"]
[PlyCount "162"]
[EventDate "2024.10.20"]
[EventType "team-tourn"]
[EventRounds "11"]
[EventCountry "CZE"]
[SourceTitle "CB16_2025"]
[SourceDate "2025.04.16"]
[SourceVersion "1"]
[SourceVersionDate "2025.04.16"]
[SourceQuality "1"]
[WhiteTeam "Lysa nad Labem II"]
[BlackTeam "Litomerice Slavoj"]
[WhiteTeamCountry "CZE"]
[BlackTeamCountry "CZE"]

1. Nf3 d5 2. b3 Bf5 3. Bb2 Nd7 4. g3 Ngf6 5. Bg2 e6 6. 0-0 Be7 7. d3 0-0 8. Nbd2 h6 9. Re1 c6 10. e4 Bh7 11. Qe2 dxe4 12. dxe4 Qc7 13. a3 Rfd8 14. Rad1 b5 15. h3 a6 16. Nh2 Qb6 17. e5 Ne8 18. Be4 Nc5 19. Qe3 Qc7 20. Bxh7+ Kxh7 21. Bd4 Nd7 22. Bb2 Nc5 23. Ng4 Rd5 24. Ne4 Nxe4 25. Qxe4+ Kg8 26. Ne3 Rxd1 27. Rxd1 Rd8 28. Rxd8 Bxd8 29. a4 Qd7 30. axb5 axb5 31. Qd4 Qxd4 32. Bxd4 Kf8 33. Bc5+ Be7 34. Bb6 Bb4 35. Nd1 Ke7 36. Nb2 Kd7 37. Nd3 Be7 38. Kg2 Bd8 39. Bc5 Be7 40. Kf3 Nc7 41. c4 bxc4 42. bxc4 Na6 43. Bxe7 Kxe7 44. Ke4 c5 45. f4 Kd7 46. g4 Ke7 47. h4 g6 48. f5 Ke8 49. Nf4 gxf5+ 50. gxf5 Ke7 51. f6+ Kf8 52. Nd3 Kg8 53. Kf4 Kf8 54. Kg4 Kg8 55. Kf3 Kf8 56. Ke3 Ke8 57. h5 Kd8 58. Nf2 Ke8 59. Ne4 Nb8 60. Nxc5 Nc6 61. Nd3 Kd7 62. Ke4 Na5 63. Nf2 Nxc4 64. Ng4 Ke8 65. Nxh6 Kf8 66. Ng4 Nd2+ 67. Kf4 Kg8 68. Ke3 Nf1+ 69. Kd4 Ng3 70. h6 Kh7 71. Kc5 Ne4+ 72. Kc6 Kg6 73. Kd7 Ng5 74. Ke7 Kh7 75. Kf8 Kh8 76. Ne3 Kh7 77. Nc4 Kxh6 78. Nd6 Kg6 79. Ke7 Nf3 80. Nxf7 Kf5 81. Kd6 Nxe5 1/2-1/2

[Event "CZE-chT2C 2122"]
[Site "Czech Republic"]
[Date "2022.02.13"]
[Round "8.1"]
[White "Spacek, Petr"]
[Black "Kucera, Petr3"]
[Result "1/2-1/2"]
[WhiteElo "2321"]
[BlackElo "2259"]
[PlyCount "32"]
[EventDate "2021.10.17"]
[EventType "team-tourn"]
[EventRounds "11"]
[EventCountry "CZE"]
[SourceTitle "EXT 2025"]
[Source "ChessBase"]
[SourceDate "2024.10.14"]
[SourceVersion "1"]
[SourceVersionDate "2024.10.14"]
[SourceQuality "1"]
[WhiteTeam "Lysa nad Labem Joly III"]
[BlackTeam "Turnov Zikuda II"]
[WhiteTeamCountry "CZE"]
[BlackTeamCountry "CZE"]

1. d4 Nf6 2. c4 c5 3. d5 b5 4. a4 b4 5. b3 e6 6. g3 exd5 7. Bg2 Bb7 8. Bb2 d6 9. cxd5 Nbd7 10. e4 g6 11. Nd2 Bg7 12. Ne2 0-0 13. Qc2 Re8 14. Nc4 Nb6 15. 0-0 Nxc4 16. bxc4 Nd7 1/2-1/2